Normal view
MARC view
- Teddy bears
Entry Topical Term
001 - CONTROL NUMBER
- control field: 26822
003 - CONTROL NUMBER IDENTIFIER
- control field: OSt
005 - DATE AND TIME OF LATEST TRANSACTION
- control field: 20110719122645.0
008 - FIXED-LENGTH DATA ELEMENTS
- fixed length control field: 110719|||a|||||| | ||| d
040 ## - CATALOGING SOURCE
- Original cataloging agency: OSt
- Transcribing agency: OSt
150 ## - HEADING--TOPICAL TERM
- Topical term or geographic name as entry element: Teddy bears
- General subdivision: Fiction.
670 ## - SOURCE DATA FOUND
- Source citation: Work cat.: (OSt)0: Zoehfeld, Kathleen Weidner. 26818, Pooh's first day of school /, c1997.
670 ## - SOURCE DATA FOUND
- Source citation: Work cat.: (OSt)0: Zoehfeld, Kathleen Weidner. 26818, Pooh's first day of school /, c1997.